00992nam0a22002651 4500001001100000005001700011021001900028035002600047100004100073101001300114102000700127105001800134200017200152210003100324215001600355225004600371300006400417608009500481702003700576702002700613702002700640801001800667801002200685852001900707rc\438399620250612065705.0 aRUb[67-40349] a(NLR Aleph) 008549768 a20130416d1967 |||y0rusy50 ca1 aruscjpn aRU ay z |||||1 aВремена ХокусаяeСборник япон. науч. фантастикиfПер. с яп. [З. РахимаgПредисл. С. Гансовского] aМоскваcМирd1967 a287 с.d161 aЗарубежная фантастика aНа обороте тит. л. сост.: П. Петров aНаучно-фантастические романы и рассказы (х. л.)2psbo 1aГансовскийbС.4080 1aПетровbП.4220 1aРахимаbЗ.4730 0aRUbNLRgpsbo 1aRUbELAR2rusmarc aNLRj67-2/1552